[Event "NCL967 NW Eagles-Guildford"]
[Site "Rd8"]
[Date "1997.02.23"]
[Round "8.4"]
[White "Kennaugh, Charles"]
[Black "Littlewood, John"]
[Result "0-1"]
[WhiteElo "2290"]
[BlackElo "2275"]
[PlyCount "56"]
[EventDate "1997.02.23"]
[Source "J.Saunders"]
[SourceDate "1998.06.06"]

1. e4 c5 2. Nf3 Nc6 3. d4 cxd4 4. Nxd4 Nf6 5. Nc3 e5 6. Ndb5 d6 7. a4 a6 8. Na3
d5 9. exd5 Bxa3 10. dxc6 Bd6 11. cxb7 Bxb7 12. Bc4 Qb6 13. O-O Qc6 14. f3 Qc5+
15. Kh1 Qxc4 16. Bg5 Rd8 17. Qe1 O-O 18. Ne4 Be7 19. Ng3 Qe6 20. b4 e4 21. fxe4
Nxe4 22. Bxe7 Qxe7 23. Nf5 Qg5 24. Ne3 Rfe8 25. Ra3 Nd2 26. h4 Bxg2+ 27. Kg1
Qg6 28. h5 Qg5 0-1

[Event "NCL967 NW Eagles-Guildford"]
[Site "Rd8"]
[Date "1997.02.23"]
[Round "8.5"]
[White "Sheldon, Ruth"]
[Black "Abayasekera, Roger"]
[Result "1-0"]
[WhiteElo "2230"]
[BlackElo "2255"]
[PlyCount "81"]
[EventDate "1997.02.23"]
[Source "J.Saunders"]
[SourceDate "1998.06.06"]

1. d4 Nf6 2. c4 e6 3. Nc3 Bb4 4. Bg5 h6 5. Bh4 Bxc3+ 6. bxc3 Qe7 7. e3 b6 8.
Nf3 Bb7 9. Nd2 d6 10. f3 Nbd7 11. Be2 O-O-O 12. O-O g5 13. Bf2 h5 14. Rb1 h4
15. Qa4 Kb8 16. c5 dxc5 17. Ba6 Ba8 18. Nb3 Nd5 19. Rfc1 cxd4 20. exd4 Qd6 21.
Na5 c5 22. Bb5 N5f6 23. Qa3 Rc8 24. Rd1 Qc7 25. Ba6 Nd5 26. Bxc8 Rxc8 27. dxc5
Nxc5 28. Nc4 Nb7 29. Rd4 Qc5 30. Qxc5 Nxc5 31. Nd6 Rc7 32. Nb5 Rd7 33. c4 Nf4
34. Rxd7 Nxd7 35. Rd1 Nf6 36. Rd8+ Kb7 37. Kf1 a6 38. Nd6+ Kc7 39. Rxa8 Kxd6
40. Rxa6 Nd7 41. Bxb6 1-0

[Event "NCL967 NW Eagles-Guildford"]
[Site "Rd8"]
[Date "1997.02.23"]
[Round "8.6"]
[White "Granat, Russell"]
[Black "Giblin, William"]
[Result "1/2-1/2"]
[WhiteElo "2265"]
[BlackElo "2130"]
[PlyCount "70"]
[EventDate "1997.02.23"]
[Source "J.Saunders"]
[SourceDate "1998.06.06"]

1. e4 e5 2. Nf3 Nf6 3. d4 Nxe4 4. dxe5 d5 5. Bd3 Nc5 6. Be2 Be7 7. O-O O-O 8.
Be3 Nc6 9. Nc3 Be6 10. Bb5 Nd7 11. Nxd5 Ndxe5 12. Nxe7+ Qxe7 13. Nxe5 Nxe5 14.
Qd4 Bd7 15. Be2 Rfe8 16. Rae1 b6 17. Qc3 c5 18. f4 Nc6 19. Bf3 Rac8 20. Bf2 Qf8
21. Be4 Rcd8 22. Bh4 f6 23. Qb3+ Kh8 24. c3 Na5 25. Qc2 Bb5 26. Rf3 Bc6 27.
Bxc6 Rxe1+ 28. Bxe1 Nxc6 29. Re3 Re8 30. Qe2 Rxe3 31. Qxe3 Qf7 32. h3 h6 33.
Bf2 Qd5 34. Kh2 Kh7 35. b3 Qf5 1/2-1/2

[Event "NCL967 NW Eagles-Guildford"]
[Site "Rd8"]
[Date "1997.02.23"]
[Round "8.7"]
[White "Smith, Alan A"]
[Black "Anderton, Matthew"]
[Result "0-1"]
[WhiteElo "2225"]
[BlackElo "2175"]
[PlyCount "56"]
[EventDate "1997.02.23"]
[Source "J.Saunders"]
[SourceDate "1998.06.06"]

1. e4 e6 2. d4 d5 3. Nc3 Bb4 4. e5 c5 5. Qg4 Ne7 6. dxc5 Nbc6 7. Bd2 O-O 8. Bd3
Bxc5 9. Nf3 Ng6 10. Qh5 Nb4 11. O-O Nxd3 12. cxd3 Bd7 13. d4 Be7 14. Rfe1 Qb6
15. Rab1 f5 16. exf6 Rxf6 17. Qg4 Rf5 18. h4 Raf8 19. h5 Rxf3 20. hxg6 Rxf2 21.
Be3 R2f4 22. gxh7+ Kh8 23. Qxf4 Rxf4 24. Bxf4 Bf6 25. Kh1 Qxd4 26. Rf1 Bc6 27.
Rbe1 e5 28. Bh2 Qh4 0-1

[Event "NCL967 NW Eagles-Guildford"]
[Site "Rd8"]
[Date "1997.02.23"]
[Round "8.8"]
[White "Lusher, Claire"]
[Black "James, Dale"]
[Result "0-1"]
[WhiteElo "1760"]
[BlackElo "2250"]
[PlyCount "68"]
[EventDate "1997.02.23"]
[Source "J.Saunders"]
[SourceDate "1998.06.06"]

1. d4 d6 2. e4 Nd7 3. Nf3 e5 4. c3 Ngf6 5. Qc2 c6 6. h3 Be7 7. Be3 h6 8. Be2
Qc7 9. Nbd2 g6 10. a4 d5 11. dxe5 Nxe5 12. Nxe5 Qxe5 13. f4 Qc7 14. e5 Nh7 15.
h4 h5 16. Bd3 Nf8 17. Nf3 a6 18. a5 c5 19. b3 Bd7 20. O-O Rg8 21. f5 gxf5 22.
Bxf5 Ne6 23. Bxe6 Bxe6 24. Qe2 Bg4 25. Qd3 O-O-O 26. Ng5 Qxe5 27. Nxf7 Qg3 28.
Qd2 Bh3 29. Rf2 Rdf8 30. Qxd5 Qxe3 31. Kf1 Be6 32. Qxh5 Rxf7 33. Rxf7 Bxf7 34.
Qxf7 Rf8 0-1

[Event "NCL967 Richmond-SW Dragons"]
[Site "Rd8"]
[Date "1997.02.22"]
[Round "8.1"]
[White "Williams, Simon"]
[Black "Cooper, John"]
[Result "1/2-1/2"]
[WhiteElo "2350"]
[BlackElo "2370"]
[PlyCount "30"]
[EventDate "1997.02.23"]
[Source "J.Saunders"]
[SourceDate "1998.06.06"]

1. c4 e6 2. Nc3 d5 3. d4 c5 4. cxd5 exd5 5. e4 dxe4 6. Bc4 Nc6 7. Bf4 cxd4 8.
Nb5 Bb4+ 9. Kf1 Kf8 10. a3 Be7 11. h4 Nf6 12. Nc7 Rb8 13. Nb5 Ra8 14. Nc7 Rb8
15. Nb5 Ra8 1/2-1/2

[Event "NCL967 Richmond-SW Dragons"]
[Site "Rd8"]
[Date "1997.02.22"]
[Round "8.2"]
[White "Cummings, David"]
[Black "Bates, Richard"]
[Result "0-1"]
[WhiteElo "2360"]
[BlackElo "2315"]
[PlyCount "138"]
[EventDate "1997.02.23"]
[Source "J.Saunders"]
[SourceDate "1998.06.06"]

1. d4 Nf6 2. c4 g6 3. Nc3 Bg7 4. e4 d6 5. Nf3 O-O 6. Be2 Na6 7. Be3 e5 8. d5
Ng4 9. Bg5 f6 10. Bh4 c5 11. Nd2 Nh6 12. f3 Nf7 13. a3 Bh6 14. Bf2 f5 15. Rb1
Nc7 16. b4 b6 17. Bd3 Qf6 18. bxc5 bxc5 19. Nb3 Ne8 20. Na5 Ng7 21. Nc6 Nh5 22.
g3 Kh8 23. Qe2 Bg7 24. Kd1 Ng5 25. h4 fxe4 26. hxg5 exd3 27. gxf6 dxe2+ 28.
Kxe2 Nxf6 29. Nb5 Ne8 30. Ncxa7 Bf5 31. Rbc1 e4 32. f4 Bb2 33. Rb1 Bxa3 34. Be1
Bg4+ 35. Ke3 Bf3 36. Rh2 Nf6 37. Bc3 Bb4 38. Bxf6+ Rxf6 39. Ra2 Rg8 40. Ra6 g5
41. f5 Rxf5 42. Nc6 Bg2 43. Nxd6 Rf3+ 44. Ke2 Rgf8 45. Nxb4 Rf2+ 46. Kd1 e3 47.
Nc2 Rd2+ 48. Kc1 Rf1+ 49. Kb2 e2 50. Ra8+ Kg7 51. Re8 Rdd1 52. Rxe2 Rxb1+ 53.
Kc3 Rf3+ 54. Kd2 Bf1 55. Re7+ Kg6 56. Re6+ Kh5 57. Ne3 Bh3 58. Re7 Kg6 59. Ne4
Rb2+ 60. Kd3 Bf5 61. g4 Rb3+ 62. Kd2 Rfxe3 63. gxf5+ Kxf5 64. Nd6+ Kf4 65. Rf7+
Kg4 66. Rxh7 Rf3 67. Ne4 Rb2+ 68. Kc1 Re2 69. Nd2 Rff2 0-1

[Event "NCL967 Richmond-SW Dragons"]
[Site "Rd8"]
[Date "1997.02.23"]
[Round "8.3"]
[White "McShane, Luke"]
[Black "Dineley, Richard"]
[Result "1/2-1/2"]
[WhiteElo "2385"]
[BlackElo "2255"]
[PlyCount "134"]
[EventDate "1997.02.23"]
[Source "J.Saunders"]
[SourceDate "1998.06.06"]

1. e4 c5 2. Nf3 Nc6 3. d4 cxd4 4. Nxd4 Nf6 5. Nc3 d6 6. Be3 e6 7. f3 Be7 8. Qd2
O-O 9. O-O-O d5 10. exd5 Nxd5 11. Nxd5 exd5 12. Kb1 Re8 13. Bd3 Bf6 14. c3 Ne5
15. g4 Nxd3 16. Qxd3 Bd7 17. Bf4 a6 18. h4 Qc8 19. h5 Qc4 20. h6 Qxd3+ 21. Rxd3
g6 22. Nc2 Bb5 23. Rd2 Rad8 24. g5 Be7 25. Ne3 Bc6 26. Rf1 f6 27. gxf6 Bxf6 28.
Ng4 Bh8 29. Be3 Re6 30. Bd4 Bxd4 31. cxd4 Rde8 32. Kc2 Rf8 33. Ne5 Rf4 34. Rh1
Ref6 35. Kd3 Kf8 36. Ke3 Ke7 37. Rg2 Be8 38. Rg3 Kd6 39. Rc1 R4f5 40. Rc8 Rf8
41. Rd8+ Ke6 42. f4 Bc6 43. Rxf8 Rxf8 44. Nf3 Kf6 45. Rg5 Rc8 46. Re5 Rc7 47.
Ng5 a5 48. Kf3 Ba4 49. b3 Bb5 50. Kg4 Bd7+ 51. Kh4 Bc6 52. f5 a4 53. bxa4 Bxa4
54. Rxd5 gxf5 55. Rd6+ Ke7 56. Re6+ Kd8 57. Rf6 Rc4 58. Ne6+ Ke7 59. Kg5 Bd7
60. d5 Rc1 61. d6+ Kxd6 62. Nf8+ Ke7 63. Nxd7 Kxd7 64. Rf7+ Ke6 65. Rxh7 Rg1+
66. Kf4 Rg4+ 67. Kf3 Ra4 1/2-1/2

[Event "NCL967 Richmond-SW Dragons"]
[Site "Rd8"]
[Date "1997.02.23"]
[Round "8.4"]
[White "Spice, Alan"]
[Black "Wall, Gavin"]
[Result "1-0"]
[WhiteElo "2210"]
[BlackElo "2305"]
[PlyCount "68"]
[EventDate "1997.02.23"]
[Source "J.Saunders"]
[SourceDate "1998.06.06"]

1. Nc3 d5 2. e4 dxe4 3. Nxe4 Nd7 4. Bc4 e6 5. Nf3 Ngf6 6. d3 a6 7. a4 b6 8. O-O
Bb7 9. Ng3 Bd6 10. Re1 O-O 11. Ng5 h6 12. N5e4 Nxe4 13. Nxe4 Qh4 14. Nxd6 cxd6
15. d4 Nf6 16. f3 e5 17. Be3 e4 18. Be2 Rfe8 19. g3 Qh3 20. fxe4 Bxe4 21. Bf1
Qf5 22. c4 d5 23. c5 bxc5 24. dxc5 d4 25. Bxd4 Red8 26. Qd2 Rab8 27. Qf2 Qxf2+
28. Bxf2 Rxb2 29. Re2 Rb4 30. a5 Ng4 31. Rc1 Ne5 32. Rxe4 Rxe4 33. c6 Ra4 34.
Bb6 Kh7 1-0

[Event "NCL967 Richmond-SW Dragons"]
[Site "Rd8"]
[Date "1997.02.23"]
[Round "8.5"]
[White "Franklin, Michael"]
[Black "Zeidler, Sven"]
[Result "1/2-1/2"]
[WhiteElo "2255"]
[BlackElo "2265"]
[PlyCount "95"]
[EventDate "1997.02.23"]
[Source "J.Saunders"]
[SourceDate "1998.06.06"]

1. d4 f5 2. g3 Nf6 3. Bg2 g6 4. c4 Bg7 5. Nc3 d6 6. Nf3 O-O 7. O-O c6 8. d5 e5
9. Nd2 g5 10. Nb3 f4 11. c5 cxd5 12. Nxd5 Nc6 13. e3 Kh8 14. Nc3 Bg4 15. f3 Be6
16. cxd6 b6 17. exf4 gxf4 18. gxf4 exf4 19. Bxf4 Nh5 20. Be3 Nf4 21. Ne2 Nxg2
22. Kxg2 Qh4 23. Kh1 Be5 24. f4 Rg8 25. Bf2 Qh3 26. Bg3 Bxb2 27. Rb1 Bf5 28.
Nd2 Bf6 29. Rb3 Rad8 30. Nf3 Be4 31. Re3 Rxd6 32. Qxd6 Qxf1+ 33. Neg1 Be7 34.
Qd2 Bxf3+ 35. Rxf3 Qa1 36. Qe2 Bc5 37. Rf1 Qd4 38. Nf3 Qf6 39. Qe4 Ne7 40. Bh4
Qb2 41. Ne5 Rf8 42. Nd3 Qxa2 43. Bxe7 Bxe7 44. Qxe7 Qd5+ 45. Kg1 Rg8+ 46. Kf2
Qxd3 47. Qf6+ Rg7 48. Qf8+ 1/2-1/2

[Event "NCL967 Richmond-SW Dragons"]
[Site "Rd8"]
[Date "1997.02.23"]
[Round "8.6"]
[White "Saunders, John"]
[Black "Burke, John"]
[Result "1-0"]
[WhiteElo "2240"]
[BlackElo "2105"]
[PlyCount "99"]
[EventDate "1997.02.23"]
[Source "J.Saunders"]
[SourceDate "1998.06.06"]

1. e4 c5 2. c3 Nf6 3. e5 Nd5 4. d4 cxd4 5. Nf3 e6 6. cxd4 b6 7. Bd3 Bb7 8. O-O
Be7 9. Re1 O-O 10. Nc3 Nxc3 11. bxc3 Qc7 12. Bd2 d6 13. exd6 Qxd6 14. Ne5 Nd7
15. Bf4 Nxe5 16. Bxe5 Qd8 17. Qg4 g6 18. Re3 f5 19. Qh3 Rc8 20. Bc2 Qd7 21. Bb3
Bd5 22. Bxd5 exd5 23. Qh6 Rf7 24. Rae1 Bf8 25. Qg5 Qa4 26. Rh3 Bg7 27. Bxg7
Kxg7 28. Qh6+ Kg8 29. Rhe3 Rcf8 30. h4 Qd7 31. h5 Rg7 32. hxg6 hxg6 33. Qg5 Qd8
34. Re7 Rxe7 35. Rxe7 Qd6 36. Rxa7 Rf7 37. Ra8+ Rf8 38. Ra7 Rf7 39. Ra8+ Rf8
40. Rxf8+ Kxf8 41. Qh6+ Kg8 42. g3 Qe6 43. Qe3 Qc6 44. Qe7 Qb5 45. Kg2 Qc6 46.
Kh3 Qc4 47. Kh4 Qxc3 48. Kg5 Qxd4 49. Kh6 Qd2+ 50. Kxg6 1-0

[Event "NCL967 Richmond-SW Dragons"]
[Site "Rd8"]
[Date "1997.02.23"]
[Round "8.7"]
[White "Bass, John"]
[Black "Richmond, Jane"]
[Result "1-0"]
[WhiteElo "1944"]
[BlackElo "2180"]
[PlyCount "63"]
[EventDate "1997.02.23"]
[Source "J.Saunders"]
[SourceDate "1998.06.06"]

1. d4 Nf6 2. Nf3 e6 3. Bg5 c5 4. e3 b6 5. Bd3 Ba6 6. c3 Be7 7. Bxa6 Nxa6 8. Qd3
Nb8 9. Nbd2 Nc6 10. O-O d5 11. Ne5 Nxe5 12. dxe5 Nd7 13. Bxe7 Qxe7 14. f4 O-O
15. Rf3 Rad8 16. Rh3 f5 17. exf6 Nxf6 18. Nf3 Ne4 19. Ne5 Qf6 20. Rf1 Qf5 21.
g4 Qf6 22. Qd1 g5 23. Rh5 Qg7 24. Qe2 gxf4 25. exf4 Rf5 26. Kh1 Rxh5 27. gxh5
Kh8 28. Rg1 Qf6 29. Qg2 a6 30. h6 b5 31. Nc6 Rf8 32. Qg7+ 1-0

[Event "NCL967 Richmond-SW Dragons"]
[Site "Rd8"]
[Date "1997.02.23"]
[Round "8.8"]
[White "Miles, Richard"]
[Black "Bates, Ruth"]
[Result "1-0"]
[WhiteElo "2075"]
[BlackElo "1880"]
[PlyCount "97"]
[EventDate "1997.02.23"]
[Source "J.Saunders"]
[SourceDate "1998.06.06"]

1. d4 g6 2. Nf3 Bg7 3. c4 d6 4. Nc3 Nf6 5. g3 O-O 6. Bg2 c6 7. O-O Nbd7 8. e4
e5 9. h3 Re8 10. Re1 Qc7 11. Be3 exd4 12. Nxd4 Nc5 13. Qc2 Qe7 14. f3 Bd7 15.
Rad1 Rad8 16. Bf2 Bc8 17. f4 Nfd7 18. b4 Ne6 19. Nce2 Nb6 20. a4 c5 21. Nb5 a6
22. Nbc3 Nc7 23. Nd5 Ncxd5 24. cxd5 Nxd5 25. exd5 Bf5 26. Qb3 c4 27. Qa3 Qd7
28. Kh2 Bc2 29. Rc1 Qxa4 30. Qxa4 Bxa4 31. Rxc4 Bb5 32. Re4 Rxe4 33. Bxe4 Re8
34. Bf3 Rc8 35. Nd4 Bxd4 36. Bxd4 Rc4 37. Bf6 Rxb4 38. Rc1 Rc4 39. Rxc4 Bxc4
40. Be7 b5 41. Bxd6 a5 42. Kg2 b4 43. Kf2 b3 44. Ba3 a4 45. Ke3 f6 46. d6 Bb5
47. Bd5+ Kg7 48. Be6 b2 49. Bxb2 1-0

[Event "NCL967 Northumbria-Wessex"]
[Site "Rd8"]
[Date "1997.02.23"]
[Round "8.1"]
[White "Poulton, James"]
[Black "Bell, Stephen"]
[Result "1-0"]
[WhiteElo "2360"]
[BlackElo "2365"]
[PlyCount "41"]
[EventDate "1997.02.23"]
[Source "J.Saunders"]
[SourceDate "1998.06.06"]

1. d4 d5 2. c4 e6 3. Nc3 c5 4. cxd5 exd5 5. Nf3 Nc6 6. Bg5 Be7 7. Bxe7 Ngxe7 8.
dxc5 d4 9. Ne4 O-O 10. g3 Qd5 11. Ned2 Qxc5 12. Bg2 Be6 13. O-O Rfd8 14. Ne1
Nd5 15. Nd3 Qe7 16. a3 h5 17. h4 Bg4 18. Re1 Ne5 19. Qb3 Nxd3 20. exd3 Qd7 21.
Bxd5 1-0

[Event "NCL967 Northumbria-Wessex"]
[Site "Rd8"]
[Date "1997.02.23"]
[Round "8.2"]
[White "Daly, Colm"]
[Black "Rossiter, Philip"]
[Result "1/2-1/2"]
[WhiteElo "2295"]
[BlackElo "2370"]
[PlyCount "117"]
[EventDate "1997.02.23"]
[Source "J.Saunders"]
[SourceDate "1998.06.06"]

1. d4 f5 2. g3 Nf6 3. Bg2 g6 4. c4 Bg7 5. Nc3 O-O 6. Nh3 d6 7. d5 c6 8. Nf4 Qe8
9. O-O Na6 10. Rb1 Ng4 11. Bd2 Ne5 12. b3 Bd7 13. Re1 Qf7 14. Qc1 Nc5 15. Be3
Ng4 16. Bxc5 dxc5 17. Na4 g5 18. Ne6 Bxe6 19. dxe6 Qxe6 20. h3 Ne5 21. Nxc5 Qd6
22. b4 f4 23. Rb3 b6 24. Rd1 Qf6 25. Ne4 Qg6 26. a4 h6 27. c5 Qe6 28. Rc3 fxg3
29. fxg3 Rad8 30. Rxd8 Rxd8 31. cxb6 axb6 32. Qc2 Rd4 33. b5 c5 34. a5 bxa5 35.
Nxc5 Qb6 36. e3 Rd8 37. Qb3+ Nf7 38. Rc1 Rc8 39. Rf1 Qxc5 40. Qxf7+ Kh8 41. Qe6
Rb8 42. Rf5 Qc7 43. Kh2 a4 44. Rf7 Qe5 45. Qxe7 Qxe7 46. Rxe7 Bf8 47. Rb7 Rxb7
48. Bxb7 Kg7 49. Kg2 Kf6 50. Bd5 Ke5 51. e4 Bc5 52. Kf3 h5 53. Ke2 Kd4 54. Kd2
g4 55. hxg4 hxg4 56. Be6 Kxe4 57. Bxg4 Bd6 58. Be6 Bxg3 59. b6 1/2-1/2

[Event "NCL967 Northumbria-Wessex"]
[Site "Rd8"]
[Date "1997.02.23"]
[Round "8.3"]
[White "Corkett, Anthony"]
[Black "Wall, Tim"]
[Result "0-1"]
[WhiteElo "2285"]
[BlackElo "2320"]
[PlyCount "70"]
[EventDate "1997.02.23"]
[Source "J.Saunders"]
[SourceDate "1998.06.06"]

1. d4 d5 2. Nf3 Bg4 3. g3 Bxf3 4. exf3 e6 5. c3 Nd7 6. Bg2 g6 7. O-O Bg7 8. Re1
Ne7 9. Bg5 O-O 10. Na3 Nf6 11. Qd2 Nf5 12. g4 Nd6 13. Qf4 Nde8 14. Rad1 Qd7 15.
Bf1 Kh8 16. Qc1 Nd6 17. b3 c6 18. Nc2 a5 19. Bf4 Nfe8 20. Qe3 Nc7 21. Na3 Rae8
22. Qd2 f6 23. h3 e5 24. Bh2 Nf7 25. f4 Bh6 26. g5 fxg5 27. fxe5 g4 28. Bf4
Bxf4 29. Qxf4 Nxe5 30. Qxe5+ Rxe5 31. Rxe5 gxh3 32. Rd3 h2+ 33. Kxh2 Rxf2+ 34.
Bg2 Qg4 35. Rg3 Qf4 0-1

[Event "NCL967 Northumbria-Wessex"]
[Site "Rd8"]
[Date "1997.02.23"]
[Round "8.4"]
[White "Timmermans, Ivo"]
[Black "Neil, David"]
[Result "1-0"]
[WhiteElo "2275"]
[BlackElo "2295"]
[PlyCount "69"]
[EventDate "1997.02.23"]
[Source "J.Saunders"]
[SourceDate "1998.06.06"]

1. e4 e5 2. Nf3 Nc6 3. Bb5 a6 4. Ba4 Nf6 5. O-O Be7 6. Re1 b5 7. Bb3 O-O 8. c3
d5 9. exd5 Nxd5 10. Nxe5 Nxe5 11. Rxe5 c6 12. d4 Bd6 13. Re1 Qh4 14. g3 Qh3 15.
Be3 Bg4 16. Qd3 Kh8 17. Nd2 f5 18. Qf1 Qh5 19. Bxd5 cxd5 20. f4 Rae8 21. a4 g5
22. axb5 axb5 23. Qf2 Re7 24. Ra6 Bc7 25. fxg5 f4 26. Bxf4 Rxe1+ 27. Qxe1 Bxf4
28. gxf4 Re8 29. Ra8 Rxa8 30. Qe5+ Kg8 31. Qxd5+ Be6 32. Qxa8+ Kf7 33. Qb7+ Kg6
34. Qe4+ Kf7 35. Nf3 1-0

[Event "NCL967 Northumbria-Wessex"]
[Site "Rd8"]
[Date "1997.02.23"]
[Round "8.5"]
[White "Upton, Ian"]
[Black "Nelson, Jonathan"]
[Result "1/2-1/2"]
[WhiteElo "2235"]
[BlackElo "2250"]
[PlyCount "120"]
[EventDate "1997.02.23"]
[Source "J.Saunders"]
[SourceDate "1998.06.06"]

1. d4 Nf6 2. c4 g6 3. Nc3 Bg7 4. e4 d6 5. Be2 O-O 6. Bg5 h6 7. Be3 c5 8. d5 e6
9. h3 exd5 10. exd5 Re8 11. Nf3 Bf5 12. Qc1 Ne4 13. Nxe4 Bxe4 14. O-O g5 15. a3
Nd7 16. Re1 f5 17. Bd2 b5 18. Nxg5 hxg5 19. f3 Bd4+ 20. Kh1 f4 21. fxe4 Nf6 22.
Bc3 Nxe4 23. Qc2 Bxc3 24. bxc3 Qf6 25. cxb5 Qxc3 26. Qxc3 Nxc3 27. Bc4 Na4 28.
Re6 Rxe6 29. dxe6 Nb6 30. Be2 Kf8 31. a4 Ke7 32. a5 Nc8 33. Bc4 Rb8 34. Rd1 d5
35. Rxd5 Nd6 36. Rxc5 Nxc4 37. Rxc4 Rxb5 38. Rc7+ Kxe6 39. Rxa7 Rb1+ 40. Kh2
Ra1 41. a6 Kf6 42. Ra8 Kg7 43. a7 Kh7 44. h4 gxh4 45. Kh3 Ra4 46. Rf8 Rxa7 47.
Rxf4 Kg6 48. Kxh4 Ra6 49. Rb4 Rc6 50. Rb8 Ra6 51. Rg8+ Kh7 52. Rg5 Kh6 53. Rc5
Kg6 54. Rg5+ Kh6 55. Re5 Kg6 56. Kg4 Ra4+ 57. Kf3 Ra3+ 58. Re3 Ra6 59. Kf4 Ra4+
60. Re4 Ra6 1/2-1/2

[Event "NCL967 Northumbria-Wessex"]
[Site "Rd8"]
[Date "1997.02.23"]
[Round "8.6"]
[White "Waters, Clive"]
[Black "Brameld, Arthur"]
[Result "1/2-1/2"]
[WhiteElo "2235"]
[BlackElo "2199"]
[PlyCount "32"]
[EventDate "1997.02.23"]
[Source "J.Saunders"]
[SourceDate "1998.06.06"]

1. d4 Nc6 2. e4 d5 3. e5 Bf5 4. Nf3 e6 5. Be2 h6 6. O-O g5 7. c3 Nge7 8. Be3
Ng6 9. Ne1 Nce7 10. Nd2 Nf4 11. Bxf4 gxf4 12. Bh5 Ng6 13. Bxg6 fxg6 14. Nb3 Qd7
15. Nd3 Bxd3 16. Qxd3 g5 1/2-1/2

[Event "NCL967 Northumbria-Wessex"]
[Site "Rd8"]
[Date "1997.02.23"]
[Round "8.7"]
[White "Noyce, Robert"]
[Black "King, Jonathan"]
[Result "1/2-1/2"]
[WhiteElo "2205"]
[BlackElo "2115"]
[PlyCount "20"]
[EventDate "1997.02.23"]
[Source "J.Saunders"]
[SourceDate "1998.06.06"]

1. e4 e5 2. Nc3 Nc6 3. Nf3 Nf6 4. Bc4 Bc5 5. O-O d6 6. h3 Be6 7. d3 Nd4 8. Nxd4
Bxd4 9. Bb3 Qd7 10. Bxe6 fxe6 1/2-1/2

[Event "NCL967 Northumbria-Wessex"]
[Site "Rd8"]
[Date "1997.02.23"]
[Round "8.8"]
[White "Barnes, Lara"]
[Black "Howard, Emily"]
[Result "1/2-1/2"]
[WhiteElo "1264"]
[BlackElo "1904"]
[PlyCount "39"]
[EventDate "1997.02.23"]
[Source "J.Saunders"]
[SourceDate "1998.06.06"]

1. Nf3 Nf6 2. g3 c6 3. Bg2 d5 4. d3 Bg4 5. h3 Bh5 6. Nbd2 Nbd7 7. O-O e6 8. Qe1
Bd6 9. e4 dxe4 10. dxe4 e5 11. a3 O-O 12. b4 a5 13. Nc4 Bc7 14. Bb2 Bxf3 15.
Bxf3 axb4 16. axb4 Qe7 17. Ne3 b5 18. Bg2 Nb6 19. Rc1 Qe6 20. Qe2 1/2-1/2

[Event "NCL967 Celtic Kts-Witney"]
[Site "Rd9"]
[Date "1997.??.??"]
[Round "9.1"]
[White "Williams, Leighton"]
[Black "Taulbut, Shaun"]
[Result "0-1"]
[WhiteElo "2135"]
[BlackElo "2400"]
[PlyCount "100"]
[EventDate "1997.03.22"]
[Source "J.Saunders"]
[SourceDate "1998.06.06"]

1. d4 Nf6 2. c4 e6 3. Nc3 Bb4 4. g3 c5 5. Nf3 b6 6. Bg2 Bxc3+ 7. bxc3 Bb7 8.
Bf4 O-O 9. O-O Re8 10. Re1 Be4 11. Bf1 Nc6 12. Ng5 Bg6 13. Bg2 Rc8 14. d5 Na5
15. dxe6 dxe6 16. Qa4 e5 17. Be3 h6 18. Nf3 Qe7 19. Bh3 Rcd8 20. Nh4 Be4 21.
Nf5 Bxf5 22. Bxf5 e4 23. Rad1 Qe5 24. Bd7 Nxd7 25. Rxd7 Rxd7 26. Qxd7 Nxc4 27.
Bf4 Qe7 28. Qd5 Qe6 29. Qb7 g5 30. Bc1 Re7 31. Qb8+ Kg7 32. Rd1 Rd7 33. Rf1 Qe7
34. Qc8 Qe6 35. h4 gxh4 36. Bf4 h3 37. Kh2 a5 38. Qb8 e3 39. fxe3 Re7 40. Rf2
Nxe3 41. Bxe3 Qxe3 42. Rf4 Qxe2+ 43. Kxh3 Re5 44. Rg4+ Rg5 45. Rxg5+ hxg5 46.
Qd8 Qe6+ 47. Kh2 Qxa2+ 48. Kg1 Qb1+ 49. Kh2 Qg6 50. g4 Qf6 0-1

[Event "NCL967 Celtic Kts-Witney"]
[Site "Rd9"]
[Date "1997.??.??"]
[Round "9.2"]
[White "Haydon, Richard"]
[Black "Walsh, Chris"]
[Result "1/2-1/2"]
[WhiteElo "2220"]
[BlackElo "2180"]
[PlyCount "64"]
[EventDate "1997.03.22"]
[Source "J.Saunders"]
[SourceDate "1998.06.06"]

1. Nf3 Nf6 2. c4 e6 3. g3 d5 4. d4 Be7 5. Bg2 O-O 6. O-O c6 7. Qc2 Nbd7 8. Rd1
Re8 9. Nc3 Bd6 10. e4 Nxe4 11. Nxe4 dxe4 12. Qxe4 Qe7 13. Ne5 f6 14. Nf3 e5 15.
dxe5 Nxe5 16. Bf4 Nxf3+ 17. Qxf3 Bxf4 18. Qxf4 Be6 19. Rd6 Rad8 20. c5 Rxd6 21.
cxd6 Qd7 22. b3 Bg4 23. f3 Bf5 24. Rd1 Re5 25. Bf1 Be6 26. Bc4 Bd5 27. Bxd5+
cxd5 28. Qb4 Re2 29. g4 Qe6 30. Qc5 Re1+ 31. Rxe1 Qxe1+ 32. Kg2 Qe2+ 1/2-1/2

[Event "NCL967 Celtic Kts-Witney"]
[Site "Rd9"]
[Date "1997.??.??"]
[Round "9.3"]
[White "Borg, Andy"]
[Black "Cooksey, Paul"]
[Result "0-1"]
[WhiteElo "2205"]
[BlackElo "2150"]
[PlyCount "80"]
[EventDate "1997.03.22"]
[Source "J.Saunders"]
[SourceDate "1998.06.06"]

1. d4 Nf6 2. Nf3 e6 3. c4 b6 4. Nc3 Bb7 5. a3 Ne4 6. d5 Nxc3 7. bxc3 d6 8. e4
Be7 9. Bd3 e5 10. O-O O-O 11. Be3 Bc8 12. Nd2 Bg5 13. f4 Bxf4 14. Bxf4 exf4 15.
Rxf4 Qg5 16. Rf2 Bg4 17. Be2 Bxe2 18. Qxe2 Nd7 19. Rf3 Qe7 20. Qf2 Rae8 21. Qd4
Nc5 22. Re1 f5 23. Rfe3 f4 24. R3e2 Nd7 25. Nf3 Ne5 26. a4 g5 27. a5 g4 28.
Nxe5 dxe5 29. Qf2 Rf6 30. axb6 axb6 31. Rd2 Rh6 32. Rd3 Ra8 33. g3 f3 34. h4
Ra4 35. Qe3 Rf6 36. Rf1 Qc5 37. Qxc5 bxc5 38. Kf2 Ra2+ 39. Ke1 Re2+ 40. Kd1 Ra6
0-1

[Event "NCL967 Celtic Kts-Witney"]
[Site "Rd9"]
[Date "1997.??.??"]
[Round "9.4"]
[White "Rose, Matthew"]
[Black "Gilbert, Jonathan"]
[Result "1/2-1/2"]
[WhiteElo "2152"]
[BlackElo "2150"]
[PlyCount "77"]
[EventDate "1997.03.22"]
[Source "J.Saunders"]
[SourceDate "1998.06.06"]

1. e4 c6 2. d4 d5 3. exd5 cxd5 4. Bd3 Nc6 5. c3 g6 6. Bf4 Bg7 7. Nf3 Nh6 8.
Nbd2 O-O 9. Nf1 f6 10. h4 Ng4 11. h5 e5 12. dxe5 fxe5 13. Bg5 Qb6 14. Qd2 e4
15. hxg6 hxg6 16. Ne3 exd3 17. Rh4 Nxe3 18. Bxe3 Re8 19. O-O-O d4 20. Nxd4 Nxd4
21. Rxd4 Bxd4 22. Bxd4 Re2 23. Bxb6 Rxd2 24. Rxd2 axb6 25. Rxd3 Bf5 26. Rd6
Rxa2 27. g4 Ra1+ 28. Kd2 Be4 29. f3 Bxf3 30. Rxg6+ Kh7 31. Rxb6 Rg1 32. Ke3 Bc6
33. Kf4 Kg6 34. b4 Re1 35. b5 Re4+ 36. Kg3 Re3+ 37. Kh4 Rxc3 38. bxc6 Rxc6 39.
Rxb7 1/2-1/2

[Event "NCL967 Celtic Kts-Witney"]
[Site "Rd9"]
[Date "1997.??.??"]
[Round "9.5"]
[White "Musson, Adam"]
[Black "Dickinson, Tim"]
[Result "0-1"]
[WhiteElo "2090"]
[BlackElo "2165"]
[PlyCount "54"]
[EventDate "1997.03.22"]
[Source "J.Saunders"]
[SourceDate "1998.06.06"]

1. e4 c6 2. d4 d5 3. exd5 cxd5 4. c4 Nf6 5. Nc3 e6 6. Nf3 Bb4 7. cxd5 Nxd5 8.
Qc2 b6 9. Bb5+ Bd7 10. Bd3 Nc6 11. O-O Bxc3 12. bxc3 Rc8 13. a3 Na5 14. Bd2 Qc7
15. Rac1 b5 16. Ne5 Nc4 17. Nxc4 bxc4 18. Be4 Nf6 19. Rce1 Bc6 20. Bf5 Qb7 21.
Rb1 Qa8 22. Rfe1 O-O 23. Bh3 Be4 24. Qa4 Bxb1 25. Rxb1 Rb8 26. Re1 Rb2 27. Bf4
Qe4 0-1

[Event "NCL967 Celtic Kts-Witney"]
[Site "Rd9"]
[Date "1997.??.??"]
[Round "9.6"]
[White "Houska, Jovanka"]
[Black "Adams, Mark"]
[Result "1-0"]
[WhiteElo "2115"]
[BlackElo "2100"]
[PlyCount "53"]
[EventDate "1997.03.22"]
[Source "J.Saunders"]
[SourceDate "1998.06.06"]

1. e4 c5 2. Nf3 d6 3. d4 cxd4 4. Nxd4 Nf6 5. Nc3 a6 6. Be2 e5 7. Nb3 Be7 8. Be3
Be6 9. O-O O-O 10. Qd2 Nbd7 11. Rad1 Rc8 12. Kh1 b5 13. f3 Nb6 14. Bxb6 Qxb6
15. a3 Rfd8 16. Nd5 Bxd5 17. exd5 Rd7 18. Bd3 g6 19. Rde1 Rdc7 20. c3 Rf8 21.
Bc2 Nh5 22. g3 f5 23. Nc1 Nf6 24. Nd3 a5 25. Re2 Re8 26. a4 Rb8 27. Rfe1 1-0